| 000 | 00458cam a22001571 4500 | ||
|---|---|---|---|
| 082 |
_a940.4 _bWAR |
||
| 100 | 2 |
_aLloyd George, David, _949260 |
|
| 245 | 1 | 0 | _aWar memoirs of David Lloyd George. |
| 260 |
_aLondon, _bI. Nicholson & Watson _c[1933-36] |
||
| 300 |
_a6 v. _billus. _c23 cm. |
||
| 500 | _aText paged continuously. | ||
| 526 |
_a0 _b0 _c0 _d940_400000000000000_WAR |
||
| 650 | 0 |
_aMCE _9379 |
|
| 650 | 0 |
_aWorld War, 1914-1918. _928173 |
|
| 942 |
_2ddc _cBK |
||
| 999 |
_c552060 _d552060 |
||